Vista normal Vista MARC

Entrada Nombre Geográfico

Número de registros utilizados en: 213

001 - CONTROL NUMBER

  • control field: 193

003 - CONTROL NUMBER IDENTIFIER

  • control field: AR-RoUNA

005 - DATE AND TIME OF LATEST TRANSACTION

  • control field: 20250606081957.0

008 - FIXED-LENGTH DATA ELEMENTS

  • fixed length control field: 140612|| aca||aabn | a|a d

040 ## - CATALOGING SOURCE

  • Original cataloging agency: AR-RoUNA
  • Transcribing agency: AR-RoUNA

151 ## - HEADING--GEOGRAPHIC NAME

  • Geographic name: Buenos Aires (Argentina)

670 ## - SOURCE DATA FOUND

  • Source citation: Work cat.: (AR-RoUNA): 185 Cerasoli, Mario, Politiche Ferroviarie. Modelli di mobilita e territorio, 2012